Analytical macroeconomics (Keynes to Mankiw)/ (Record no. 11625)

MARC details
000 -LEADER
fixed length control field 00656nam a22002297a 4500
005 - DATE AND TIME OF LATEST TRANSACTION
control field 20260515114955.0
008 - FIXED-LENGTH DATA ELEMENTS--GENERAL INFORMATION
fixed length control field 230918b ||||| |||| 00| 0 eng d
020 ## - INTERNATIONAL STANDARD BOOK NUMBER
International Standard Book Number 9789391166649
040 ## - CATALOGING SOURCE
Original cataloging agency IN-DiNC
Transcribing agency IN-DiNC
041 ## - LANGUAGE CODE
Language code of sung or spoken text eng
082 ## - DEWEY DECIMAL CLASSIFICATION NUMBER
Classification number 339
Item number MUK
100 ## - MAIN ENTRY--PERSONAL NAME
Personal name Mukherjee, Sampat
Relator term author
245 ## - TITLE STATEMENT
Title Analytical macroeconomics (Keynes to Mankiw)/
Statement of responsibility, etc. Sampat Mukherjee, Amitava Ghose and Srirupa Sinha
250 ## - EDITION STATEMENT
Edition statement 1st imp.
260 ## - PUBLICATION, DISTRIBUTION, ETC.
Place of publication, distribution, etc. New Delhi:
Name of publisher, distributor, etc. Global net publication,
Date of publication, distribution, etc. 2022.
300 ## - PHYSICAL DESCRIPTION
Extent 504p.
650 ## - SUBJECT ADDED ENTRY--TOPICAL TERM
Topical term or geographic name entry element Money
650 ## - SUBJECT ADDED ENTRY--TOPICAL TERM
Topical term or geographic name entry element Inflation
700 ## - ADDED ENTRY--PERSONAL NAME
Personal name Ghose, Amitava
Relator term author
700 ## - ADDED ENTRY--PERSONAL NAME
Personal name Sinha, Srirupa
Relator term author
942 ## - ADDED ENTRY ELEMENTS (KOHA)
Source of classification or shelving scheme Dewey Decimal Classification
Koha item type Books
Holdings
Withdrawn status Lost status Source of classification or shelving scheme Damaged status Not for loan Collection Home library Current library Shelving location Date acquired Cost, normal purchase price Total checkouts Full call number Barcode Date last seen Date last checked out Copy number Price effective from Koha item type
    Dewey Decimal Classification       Naharkatiya College Library Naharkatiya College Library General stacks 09/18/2023 599.00 2 339 MUK 29537 06/11/2024 04/22/2024 1 09/18/2023 Books
    Dewey Decimal Classification       Naharkatiya College Library Naharkatiya College Library General stacks 09/18/2023 599.00 4 339 MUK 29538 05/15/2024 05/03/2024 2 09/18/2023 Books